000 01098nam a2200253 a 4500
008 120416s1997 ||||||||||||||||| || u
020 _a1557756643
050 _aIMF(02)
100 _aKrueger, Thomas H., 1956-
245 1 0 _aEMU and the international monetary system : proceedings of a conference held in Washington DC on March 17-18, 1997, cosponsored by the Fondation Camille Gutt and the IMF /
260 _aWashington, D.C.
_bInternational Monetary Fund
_c1997
300 _axii, 563p. : ill.
350 _a0.00
500 _aIncludes bibliographical references.
650 _aINTERNATIONAL FINANCIAL--CONGRESSES
650 _aMONEY
650 _aEUROPEAN CURRENCY UNIT--CONGRESSES
650 _aMonetary unions-- European Union countries--Congresses
650 _aFOREIGN EXCHANGE--CONGRESSES
650 _aForeign exchange-- European Union countries--Congresses
700 _aMasson, Paul R
700 _aTurtelboom, Bart G
995 _D0.00
_FCBU-MAIN LIBRARY (Kitwe)
_H1
_I35.00
_M1
_UAVAILABLE
_ZAnnex Low-Usage Collection
999 _c41801
_d41801